MARC details
| 000 -LEADER |
| campo de control de longitud fija |
02204nom a2200481 i 4500 |
| 001 - NÚMERO DE CONTROL |
| campo de control |
194103 |
| 003 - IDENTIFICADOR DE NÚMERO DE CONTROL |
| campo de control |
SpMaBN |
| 005 - FECHA Y HORA DE LA ÚLTIMA TRANSACCIÓN |
| campo de control |
20250708195724.0 |
| 007 - CAMPO FIJO DE DESCRIPCIÓN FÍSICA--INFORMACIÓN GENERAL |
| campo de control de longitud fija |
ta |
| 008 - DATOS DE LONGITUD FIJA--INFORMACIÓN GENERAL |
| campo de control de longitud fija |
240429s2014 sp a | ||||o000 0dspa |
| 017 ## - NÚMERO DE COPYRIGHT O DE DEPÓSITO LEGAL |
| Número de copyright o de depósito legal |
BA 413-2014 |
| Agencia que asigna |
Oficina Depósito Legal Badajoz |
| 020 ## - NÚMERO INTERNACIONAL ESTÁNDAR DEL LIBRO |
| Número Internacional Estándar del Libro |
9788498524130 |
| Información calificativa |
obra completa |
| 020 ## - NÚMERO INTERNACIONAL ESTÁNDAR DEL LIBRO |
| Número Internacional Estándar del Libro |
9788498524147 |
| Información calificativa |
libro |
| 020 ## - NÚMERO INTERNACIONAL ESTÁNDAR DEL LIBRO |
| Número Internacional Estándar del Libro |
9788498524154 |
| Información calificativa |
CD-ROM |
| 040 ## - FUENTE DE CATALOGACIÓN |
| Centro catalogador/agencia de origen |
SpMaBN |
| Lengua de catalogación |
spa |
| Centro/agencia transcriptor |
SpMaBN |
| Normas de descripción |
rdc |
| Centro/agencia modificador |
ES-MaACL |
| 080 ## - NÚMERO DE LA CLASIFICACIÓN DECIMAL UNIVERSAL |
| Número de la Clasificación Decimal Universal |
929 López González Morcillo, Antonio |
| 080 ## - NÚMERO DE LA CLASIFICACIÓN DECIMAL UNIVERSAL |
| Número de la Clasificación Decimal Universal |
94(460.253 Santa Amalia)"18/19" |
| 100 1# - ENTRADA PRINCIPAL--NOMBRE DE PERSONA |
| Nombre de persona |
Martín Nieto, Dionisio Á., |
| Fechas asociadas al nombre |
1966- |
| Número de control del registro de autoridad o número normalizado |
XX849122 |
| 9 (RLIN) |
235747 |
| Término indicativo de función/relación |
Autor |
| 245 10 - MENCIÓN DEL TÍTULO |
| Título |
Antonio López y los primeros fundadores de Santa Amalia / |
| Mención de responsabilidad, etc. |
Dionisio Ángel Martín Nieto, José Antonio Jiménez Escobar |
| 260 ## - PUBLICACIÓN, DISTRIBUCIÓN, ETC. |
| Lugar de publicación, distribución, etc. |
Mérida : |
| Nombre del editor, distribuidor, etc. |
Editora Regional de Extremadura [etc.], |
| Fecha de publicación, distribución, etc. |
D.L. 2014 |
| 300 ## - DESCRIPCIÓN FÍSICA |
| Extensión |
206 p. : |
| Otras características físicas |
il., gráf., mapa col. ; |
| Dimensiones |
24 cm + |
| 300 ## - DESCRIPCIÓN FÍSICA |
| Extensión |
1 CD-ROM (559 p.) |
| Dimensiones |
12 cm |
| 336 ## - TIPO DE CONTENIDO |
| Materiales especificados |
Impreso |
| Término de tipo de contenido |
Texto (visual) |
| Fuente |
isbdcontent |
| 336 ## - TIPO DE CONTENIDO |
| Materiales especificados |
CD-ROM |
| Término de tipo de contenido |
Texto (visual) |
| Fuente |
isbdcontent |
| 337 ## - TIPO DE MEDIO |
| Materiales especificados |
Impreso |
| Nombre/término del tipo de medio |
sin mediación |
| Fuente |
isbdmedia |
| 337 ## - TIPO DE MEDIO |
| Materiales especificados |
CD-ROM |
| Nombre/término del tipo de medio |
electrónico |
| Fuente |
isbdmedia |
| 338 ## - TIPO DE SOPORTE |
| Fuente |
rdacarrier |
| Nombre/término del tipo de soporte |
volumen |
| 500 ## - NOTA GENERAL |
| Nota general |
El impreso es el v. 1 y el CD-ROM el vol. 2 |
| 500 ## - NOTA GENERAL |
| Nota general |
Catalogación provisional. Signatura: N 8651. Depósito J. |
| 504 ## - NOTA DE BIBLIOGRAFÍA, ETC. |
| Nota de bibliografía, etc. |
Incluye referencias bibliográficas |
| 538 ## - NOTA DE DETALLES DEL SISTEMA |
| Nota de detalles del sistema |
Requisitos del sistema: Adobe Acrobat Reader |
| 586 ## - NOTA DE PREMIOS |
| Nota de premios |
XIII Premio de Investigación "Santiago González", 2013 |
| 600 #0 - PUNTO DE ACCESO ADICIONAL DE MATERIA--NOMBRE DE PERSONA |
| Nombre de persona |
López González Morcillo, Antonio, |
| Fechas asociadas al nombre |
1783-1831 |
| Fuente del encabezamiento o término |
embne |
| 9 (RLIN) |
235748 |
| 651 #0 - PUNTO DE ACCESO ADICIONAL DE MATERIA--NOMBRE GEOGRÁFICO |
| Nombre geográfico |
Santa Amalia (Badajoz) |
| Subdivisión general |
Historia |
| Fuente del encabezamiento o término |
embne |
| 9 (RLIN) |
235749 |
| 700 ## - ENTRADA AGREGADA--NOMBRE PERSONAL |
| Nombre de persona |
Jiménez Escobar, José Antonio |
| 9 (RLIN) |
235750 |
| Término indicativo de función/relación |
Autor |
| 852 ## - LOCALIZACIÓN |
| Ubicación |
ES-MaACL |
| Sublocalización o colección |
R.152516 |
| Ubicación en estantería |
Depósito J |
| Número de control de estantería |
N-8651 |
| Encuadernación |
Rústica |
| Donativo/Legado |
Donación: Editorial |
| itemnumber |
202065 |
| Nota libre |
En proceso |
| 852 ## - LOCALIZACIÓN |
| Ubicación |
ES-MaACL |
| Ubicación en estantería |
Rotativo |
| Nota libre |
Catalogación provisional |
| Donativo/Legado |
Donación: Editorial |
| itemnumber |
202066 |
| Número de control de estantería |
ROT 6/3/1 |
| 942 ## - ELEMENTOS DE ENTRADA SECUNDARIOS (KOHA) |
| Tipo de ítem Koha |
Libro impreso |
| Suprimir en OPAC |
No |